Forensic accounting and its position within anti-fraud curriculum at the University of Economics in Bratislava

Veľké zmeny v učebných plánoch, zvlášť v účtovníctve, na Ekonomickej univerzite v Bratislave. História zmien v účtovníctve a audítorstve. Právnické účtovníctvo ako špecializácia pre profesionálnych účtovníkov v rozličných oblastiach pôsobenia.

Gespeichert in:
Bibliographische Detailangaben
1. Verfasser: Tumpach, Miloš, 1970-
Weitere Verfasser: Husárová, Stanislava
Format: Buchkapitel
Sprache:Englisch
Schlagworte:
Tags: Tag hinzufügen
Keine Tags, Fügen Sie das erste Tag hinzu!

MARC

LEADER 00000naa$a2200000$$$4500
001 0105509
005 20240502083250.7
041 0 |a eng 
044 |a UA 
245 1 0 |a Forensic accounting and its position within anti-fraud curriculum at the University of Economics in Bratislava  |c Miloš Tumpach, Stanislava Husárová 
520 |a Veľké zmeny v učebných plánoch, zvlášť v účtovníctve, na Ekonomickej univerzite v Bratislave. História zmien v účtovníctve a audítorstve. Právnické účtovníctvo ako špecializácia pre profesionálnych účtovníkov v rozličných oblastiach pôsobenia. 
610 2 0 |a účtovníctvo 
610 2 0 |a právo 
610 2 0 |a plán učebný 
610 2 0 |a vzdelávanie vysokoškolské 
610 2 0 |a Ekonomická univerzita v Bratislave 
100 1 |a Tumpach, Miloš, 1970- 
700 1 |a Husárová, Stanislava